000 00888nam a2200241 a 4500
001 000013554
003 DO-SdBNP
005 20230126104733.0
008 091125s2006 dr 001 0 spa d
020 _a9789993495383
040 _aDO-SdBNP
_bspa
_cBNPHU
082 4 _a346.043
_bR426L
_222
110 1 _aRepública Dominicana.
_9447
240 1 0 _a[Leyes, etc.]
245 1 0 _aLey 108-05 de registro inmobiliario del 23-4-05 G.O. 10316 Mod. por la ley 51-07 :
_blegislaciones complementarias y algunas anotaciones /
_ccompilador Trajano Vidal Potentini.
250 _a3a ed.
260 _aMoca, República Dominicana :
_bEditora Dalis,
_c2006.
300 _a392 P. ;
_c25 cm.
490 1 _aLeyes anotadas
500 _aIncluye referencias bibliográficas y notas al pie de las páginas
650 4 _aBienes raices
_xLegislación
_zRepública Dominicana
_983056
942 _2ddc
_cLBS1
999 _c13176
_d13176